01103nam a2200277 a 450000100100000000500170001000800410002702000150006804000250008308200190010810000260012724000340015324501670018730000280035450000340038253400440041665000300046065000410049065000390053170000330057070000440060371000350064704900090068295201170069199900170080800002313320251009124641.0101126s1998 ck a r 000 | spa d a9588017289 aDO-SdBNPbspacBNPHU a658.812bA341e1 aAlbrecht, Karl94762010aService advantage.lespañol13aLa excelencia en el servicio /cKarl Albrecht, Lawrence J. Bradford ; traducción de Jesús Villamizar Herrera ; revisión técnica de Humberto Serna Gómez. a237 p. :bil. ;c24 cm. aIncluye índice alfabético aTítulo original :tService advantage. 4aServicio al cliente91161 4aSatisfacción del consumidor947625 0aRelaciones con los clientes919762 aBradford, Lawrence J.9476261 aVillamizar Herrera, Jesúsbtr.9476271 aSerna Gómez, Humberto947628 aBNGR 001050718MOaGRbGRcCTd2010-11-26iLF1l0o658.812 A341ep23133-10r2020-06-25w2020-06-25y1ZNo se presta c22630d22630